000 00453nam a22001817a 4500
005 20250829123020.0
008 250829b |||||||| |||| 00| 0 eng d
037 _cTB
040 _aCRL
_cCRL
041 _2eng
_aeng
084 _qCRL
245 _aGERMS a precious stones
260 _aMadras, India:
_bDr. Krishna moorthy,
_c1996.
300 _a42p.
365 _b25.00
_cINR
942 _2CC
_cTB
_n0
999 _c1434978
_d1434978